000 00434cam a22001575a 4500
001 J100784
008 000000s1918 xxk 000 0 eng u
035 _a(Sirsi) u100784
110 _aAuctioneers' and Estate Agents' Institute of the United Kingdom
_93789
245 0 4 _aThe housing problem, February 1918.
260 _c1918
300 _a80p.
651 4 _aUnited Kingdom
_y
690 _aResidential property
_96266
942 _n0
999 _c99828
_d99828